000 00347nam a22001457a 4500
008 221102b ||||| |||| 00| 0 eng d
020 _a9780134995397
041 _aeng
080 _2SIXTH EDITION
_a311
082 _a311
100 _a25.2
101 _aSTA
245 _aAPPLIED MULTIVARIATE STATISTICAL ANALYSIS
_cJOHNSON R
942 _2udc
_cBK
999 _c58716
_d58716